Congreso Nacional pilar de la democracia: con el Chile de hoy y del mañana
Uloženo v:
| Korporativní autor: | |
|---|---|
| Médium: | Kniha |
| Jazyk: | španělština |
| Vydáno: |
Valparaíso
Secretaría
1990
|
| Témata: | |
| Tagy: |
Přidat tag
Žádné tagy, Buďte první, kdo vytvoří štítek k tomuto záznamu!
|
MARC
| LEADER | 00000nam a2200000 a 4500 | ||
|---|---|---|---|
| 001 | UCX2324 | ||
| 003 | CL-VaPUC | ||
| 008 | 910423e19900000CL |||||||||||||||||spa|d | ||
| 082 | 0 | 4 | |a 328 |b SEC |2 21 |
| 110 | 2 | |a Secretaría Ministerial de la Educación |e author |9 318215 | |
| 245 | 1 | 0 | |a Congreso Nacional pilar de la democracia: con el Chile de hoy y del mañana |
| 300 | |a 42 p | ||
| 942 | |c BK | ||
| 945 | |d 19910423 00:00:00 | ||
| 260 | |a Valparaíso |b Secretaría |c 1990 | ||
| 600 | 0 | |a Congreso Nacional de Chile |9 256491 | |
| 583 | |a last modification |c 20130925 06:43:34 |k Rodrigo Vera | ||
| 999 | |c 223367 |d 223365 | ||
| 952 | |0 0 |1 0 |4 0 |6 328_000000000000000_SEC_1990 |7 0 |8 A |9 219091 |a BIBHIS |b BIBHIS |d 2019-11-15 |i 2878666 |o 328 SEC 1990 |p 2878666 |r 2025-01-20 |w 2019-11-15 |y BK |k HIS | ||
| 952 | |0 0 |1 0 |4 0 |6 328_000000000000000_SEC_1990 |7 0 |8 A |9 219092 |a BIBHIS |b BIBHIS |d 2019-11-15 |i 2878674 |o 328 SEC 1990 |p 2878674 |r 2025-01-20 |w 2019-11-15 |y BK |k HIS | ||
| 952 | |0 0 |1 0 |4 0 |6 328_000000000000000_SEC_1990 |7 0 |8 A |9 219093 |a BIBHIS |b BIBHIS |d 2019-11-15 |i 2878682 |o 328 SEC 1990 |p 2878682 |r 2025-01-20 |w 2019-11-15 |y BK |k HIS | ||
| 952 | |0 0 |1 0 |4 0 |6 328_000000000000000_SEC_1990 |7 0 |8 A |9 219094 |a BIBHIS |b BIBHIS |d 2019-11-15 |i 2878690 |o 328 SEC 1990 |p 2878690 |r 2025-01-20 |w 2019-11-15 |y BK |k HIS | ||
| 952 | |0 0 |1 0 |4 0 |6 328_000000000000000_SEC_1990 |7 0 |8 A |9 219095 |a BIBHIS |b BIBHIS |d 2019-11-15 |i 2878704 |o 328 SEC 1990 |p 2878704 |r 2025-01-20 |w 2019-11-15 |y BK |k HIS | ||
| 952 | |0 0 |1 0 |4 0 |6 328_000000000000000_SEC_1990 |7 0 |8 A |9 219096 |a BIBHIS |b BIBHIS |d 2019-11-15 |i 2878712 |o 328 SEC 1990 |p 2878712 |r 2025-01-20 |w 2019-11-15 |y BK |k HIS | ||